[Event "Titled Tuesday intern op 29th June"]
[Site "Chess.com INT"]
[Date "2021.06.29"]
[Round "11"]
[White "Tronenkovs, Valdis"]
[Black "Roebers, Jan"]
[Result "1-0"]
[WhiteElo "2265"]
[BlackElo "2170"]
[PlyCount "67"]
[EventDate "2021.06.29"]
[EventType "swiss (blitz)"]
[EventRounds "11"]
[EventCountry "USA"]
[SourceTitle "CBM 203 Extra"]
[Source "ChessBase"]
[SourceDate "2021.09.30"]
[SourceVersion "1"]
[SourceVersionDate "2021.09.30"]
[SourceQuality "1"]

1. e4 e5 2. Bc4 Nc6 3. Nc3 Nf6 4. d3 Bb4 5. Nge2 d5 6. exd5 Nxd5 7. 0-0 Be6 8. Bb5 Qd7 9. d4 Bxc3 10. bxc3 a6 11. Bxc6 Qxc6 12. dxe5 Nxc3 13. Nxc3 Qxc3 14. Bf4 Rd8 15. Qe2 Bc4 16. Qg4 Bxf1 17. Qxg7 Qxa1 18. Qxh8+ Kd7 19. e6+ Kc8 20. Qxa1 Bc4 21. e7 Re8 22. Bg5 Be6 23. Qd1 Bd7 24. h3 h6 25. Bf6 Rg8 26. Kh2 b6 27. Qf3 Kb8 28. Qd5 Be8 29. Qd8+ Kb7 30. Be5 Kc6 31. Qxc7+ Kb5 32. a4+ Kxa4 33. Qc4+ Ka3 34. Qb3# 1-0

[Event "Titled Tuesday intern op 22nd June"]
[Site "Chess.com INT"]
[Date "2021.06.22"]
[Round "5"]
[White "Li, Hui"]
[Black "Tronenkovs, Valdis"]
[Result "1-0"]
[WhiteElo "1990"]
[BlackElo "2265"]
[PlyCount "125"]
[EventDate "2021.06.22"]
[EventType "swiss (blitz)"]
[EventRounds "11"]
[EventCountry "USA"]
[SourceTitle "CBM 203 Extra"]
[Source "ChessBase"]
[SourceDate "2021.09.30"]
[SourceVersion "1"]
[SourceVersionDate "2021.09.30"]
[SourceQuality "1"]

1. e4 c5 2. Nf3 Nc6 3. d4 cxd4 4. Nxd4 g6 5. Nc3 Bg7 6. Be3 Nf6 7. Bc4 0-0 8. Bb3 d5 9. exd5 Na5 10. h3 Nxb3 11. Nxb3 b6 12. 0-0 Bb7 13. d6 Qxd6 14. Qxd6 exd6 15. Rad1 d5 16. Bd4 Rac8 17. Rfe1 Rc7 18. f3 Rfc8 19. Kf2 Kf8 20. Re2 Rc6 21. g4 h6 22. Rdd2 a6 23. Nc1 b5 24. a3 Rc4 25. Be5 Kg8 26. Nd3 d4 27. Nb1 a5 28. c3 dxc3 29. Bxc3 b4 30. axb4 axb4 31. Nxb4 Ba8 32. Nd3 R4c7 33. Ne5 Rb7 34. Na3 Rbc7 35. Nac4 Rxc4 36. Nxc4 Rxc4 37. Rd8+ Kh7 38. Rxa8 Rc7 39. Rd8 Rb7 40. Rdd2 Rc7 41. Rc2 Rb7 42. Rcd2 Rc7 43. Rd3 Rb7 44. h4 Rb5 45. Rde3 Rb7 46. Re7 Rxe7 47. Rxe7 Kg8 48. Bxf6 Bxf6 49. Rb7 Bxh4+ 50. Ke2 Kg7 51. b4 Kf6 52. b5 Ke6 53. b6 Bd8 54. Rb8 Kd7 55. b7 Bc7 56. Rh8 h5 57. b8Q Bxb8 58. Rxb8 Ke6 59. Rb7 Kf6 60. gxh5 gxh5 61. Ke3 Kg6 62. Kf4 f6 63. Kg3 1-0

[Event "Titled Tuesday intern op 22nd June"]
[Site "Chess.com INT"]
[Date "2021.06.22"]
[Round "6"]
[White "Tronenkovs, Valdis"]
[Black "Xie, Bryan"]
[Result "1-0"]
[WhiteElo "2265"]
[BlackElo "1998"]
[PlyCount "39"]
[EventDate "2021.06.22"]
[EventType "swiss (blitz)"]
[EventRounds "11"]
[EventCountry "USA"]
[SourceTitle "CBM 203 Extra"]
[Source "ChessBase"]
[SourceDate "2021.09.30"]
[SourceVersion "1"]
[SourceVersionDate "2021.09.30"]
[SourceQuality "1"]

1. e4 c5 2. Ne2 e6 3. d4 cxd4 4. Nxd4 Nc6 5. Nc3 Qc7 6. Be3 a6 7. Qf3 Nf6 8. 0-0-0 Ne5 9. Qg3 d6 10. f4 Neg4 11. Bg1 h5 12. h3 h4 13. Qe1 Nh6 14. Qxh4 Be7 15. Qg3 Nh5 16. Qf3 g6 17. g4 Ng7 18. f5 Bg5+ 19. Kb1 Bd7 20. f6 1-0

[Event "Titled Tuesday intern op 15th June"]
[Site "Chess.com INT"]
[Date "2021.06.15"]
[Round "3"]
[White "Tronenkovs, Valdis"]
[Black "Aitbayev, Aslan"]
[Result "0-1"]
[WhiteElo "2265"]
[BlackElo "2475"]
[PlyCount "94"]
[EventDate "2021.06.15"]
[EventType "swiss (blitz)"]
[EventRounds "11"]
[EventCountry "USA"]
[SourceTitle "CBM 203 Extra"]
[Source "ChessBase"]
[SourceDate "2021.09.30"]
[SourceVersion "1"]
[SourceVersionDate "2021.09.30"]
[SourceQuality "1"]

1. e4 d6 2. d4 Nf6 3. Nc3 g6 4. f4 Bg7 5. Nf3 0-0 6. Bd3 Nc6 7. e5 dxe5 8. dxe5 Nd5 9. Nxd5 Qxd5 10. Qe2 Bf5 11. Bxf5 gxf5 12. 0-0 Rad8 13. Be3 f6 14. exf6 Bxf6 15. c3 Qd3 16. Qxd3 Rxd3 17. Kf2 Rfd8 18. Ke2 Kf7 19. Nd4 Rxe3+ 20. Kxe3 Nxd4 21. cxd4 Rxd4 22. Rf2 Rb4 23. Rb1 Bd4+ 24. Kf3 Bxf2 25. Kxf2 Rxf4+ 26. Ke3 Rh4 27. h3 Re4+ 28. Kf3 h5 29. Rd1 Ke6 30. Rd8 Rb4 31. b3 a5 32. Rh8 h4 33. Rh6+ Kd7 34. Rh5 e6 35. Rh7+ Kd6 36. g3 hxg3 37. Kxg3 a4 38. bxa4 Rxa4 39. h4 Rxa2 40. h5 Ra4 41. Rg7 Ra8 42. Kf4 b5 43. Kg5 b4 44. h6 b3 45. h7 Rh8 46. Kh6 c5 47. Rd7+ Kxd7 0-1